000 00900cab a2200289 4500
001 ABS53130
008 090401t1995 xxu||||| |||| 00| 0 eng d
035 _a(Sirsi) u2290
041 _aeng
100 _aCodd, M.
245 _aWhat are fixtures? - life after the Botham decision
260 _c1995
350 _a0
490 _aEstates Gazette
_v(9523) 10 June 1995, 112-113(2)
520 _aArgues that the distinction between fixtures and chattels as based on a recent decision in "TSB Bank plc v Botham" will lead to new confusion, and result in an increase in stamp duty.
650 _aCARPETS
650 _aCURTAINS
650 _aFIXTURES AND FITTINGS
650 _aGAS FIRES
650 _aKITCHEN UNITS
650 _aLIGHT FITTINGS
650 _aSTAMP DUTY
650 _aTSB BANK PLC V BOTHAM
690 _aPROPERTY LAW AND PRACTICE
942 _n0
948 _c04/03/1997
999 _c1384
_d1384